LEADER 01250oas 2200433 a 450 001 9910701896103321 005 20120518101426.0 035 $a(CKB)5470000002421143 035 $a(OCoLC)677071237 035 $a(EXLCZ)995470000002421143 100 $a20101103b19uu2007 |a 101 0 $aeng 135 $aur||||||||||| 181 $ctxt$2rdacontent 182 $cc$2rdamedia 183 $acr$2rdacarrier 200 10$aCanada$b[electronic resource] /$fprepared by American Embassy, Ottawa 210 $aWashington, D.C. $cU.S. Dept. of Labor, Bureau of International Labor Affairs 215 $a1 online resource 225 1 $aForeign labor trends ;$vFLT 517 $aCanada 606 $aLabor$zCanada$vPeriodicals 606 $aLabor supply$zCanada$vPeriodicals 606 $aLabor unions$zCanada$vPeriodicals 615 0$aLabor 615 0$aLabor supply 615 0$aLabor unions 712 02$aUnited States.$bEmbassy (Canada) 712 02$aUnited States.$bBureau of International Labor Affairs. 801 0$bMHA 801 1$bMHA 801 2$bMHA 801 2$bOCLCA 801 2$bOCLCQ 801 2$bGPO 906 $aDOCUMENT 912 $a9910701896103321 996 $aCanada$9179841 997 $aUNINA LEADER 01768nam 2200529 450 001 9910797278603321 005 20230803040631.0 010 $a80-210-7633-X 035 $a(CKB)3710000000414355 035 $a(SSID)ssj0001498587 035 $a(PQKBManifestationID)12633027 035 $a(PQKBTitleCode)TC0001498587 035 $a(PQKBWorkID)11507221 035 $a(PQKB)10875665 035 $a(MiAaPQ)EBC4887069 035 $a(Au-PeEL)EBL4887069 035 $a(CaPaEBR)ebr11402833 035 $a(OCoLC)993046033 035 $a(EXLCZ)993710000000414355 100 $a20170719h20132013 uy 0 101 0 $aeng 135 $aurcnu|||||||| 181 $ctxt 182 $cc 183 $acr 200 10$aCaused motion $esecondary agent constructions /$fNadezda Kudrnacova 210 1$aBrno, [Czech Republic] :$cMasarykova univerzita,$d2013. 210 4$dİ2013 215 $a1 online resource (149 pages) $cillustrations 225 1 $aOpera Universitatis Masarykianae Brunensis. Facultas Philosophica,$x1211-3034 ;$vCislo 420 =$aSpisy Masarykovy Univerzity v Brne. Filozoficka Fakulta 300 $aBibliographic Level Mode of Issuance: Monograph 311 $a80-210-6373-4 320 $aIncludes bibliographical references. 410 0$aSpisy Filosoficke? fakulty Masarykovy university v Brne? ;$vCislo 420. 606 $aEnglish language$xVerb 606 $aEnglish language$xPassive voice 615 0$aEnglish language$xVerb. 615 0$aEnglish language$xPassive voice. 676 $a425 700 $aKudrna?c?ova?$b Nade?z?da$01476291 801 0$bMiAaPQ 801 1$bMiAaPQ 801 2$bMiAaPQ 906 $aBOOK 912 $a9910797278603321 996 $aCaused motion$93690849 997 $aUNINA